| 000 | 00866nam a2200205 a 4500 | ||
|---|---|---|---|
| 003 | 0 | ||
| 005 | 20250404090021.0 | ||
| 008 | 050809s19uu xx 00 eng d | ||
| 050 |
_aPGS LB 1065.S54 _b.L225 2005 |
||
| 100 | _aLambo, Dea Jenine. | ||
| 245 |
_aThe effects of sleeping late on the academic performance of the selected lower school students of Southville International School and Colleges / _cDea Jenine Lambo. |
||
| 260 |
_aLas PiƱas City, Philippines : _bSouthville International School and Colleges, _c2005. |
||
| 300 |
_a21 pages : _billustrations ; _c28 cm. |
||
| 504 | _aIncludes bibliographic references. | ||
| 650 |
_aAcademic achievement _vPsychological aspects. |
||
| 650 |
_aSleep _vPhysiological aspects. |
||
| 650 |
_aSchool children _vSleep behavior. |
||
| 650 |
_aSleep _vEffect on academic performance. |
||
| 942 |
_2lcc _cPASS |
||
| 999 |
_c97385 _d97385 |
||